MDQL
is popping MORE tags! Check the
thread
!
Quizzes
Events
Quiz Creation
Community
Videos
Private Events
Remove Ads
Sign In
Join for FREE
Feedback
Dark Mode
Quiz Categories
Sports
Geography
Music
Movies
Television
Just For Fun
Miscellaneous
History
Literature
Language
Science
Gaming
Entertainment
Religion
Holiday
For Kids
Quiz Lab
Recent
Popular Today
Quiz Kudos Today
Editor Picks
Curator Picks
Quizzes by...
Day
Popularity
Type
Ratings
Length
Year
Community
Subscriptions
Recent Discussions
Orange Saloon
Badges
Playlists
Quests
Create
Leaderboards
Showdown
Live 5
Trivia Bingo
Activity
Puzzle Library
Sporcle Events
Private Events
Virtual Trivia
Globe League
Become a Host
Pub Owners
SporcleCon
Opinionation
Our Games
Videos
Blog
Mobile Apps
Partnerships
Remove Ads and Go Orange
Feedback
Sports
Athletes
MLB
NBA
NHL
NFL
Soccer
Sports Teams
WWE
NCAA
Football
Premier League
Basketball
Baseball
Hockey
Golf
Tennis
Cricket
Rugby
Auto Racing
Olympics
World Cup
Sports
Athletes
MLB
NBA
NHL
NFL
Soccer
Sports Teams
WWE
NCAA
Football
Premier League
Basketball
Baseball
Hockey
Golf
Tennis
Cricket
Rugby
Auto Racing
Olympics
World Cup
Random Quiz
Search Sporcle
×
Quiz Lab
Quiz Lab
Sports
Hitter
Type in answers that appear in a list
Type in answers that appear in a list
Classic
Best Score? Go Orange.
All Time Homerun Leaders Stats
Can you name the Top 25 All Time Homerun Hitters?
By
M_Frog
5m
25 Questions
1,084 Plays
1,084 Plays
1,084 Plays
Comments
Comments
Give Quiz Kudos
Give Quiz Kudos
-
- Ratings
hide this ad
Replay
Link that replays current quiz
Next Quiz
Link to next quiz in quiz playlist
You Got
0%
They Got
Avg Score
65%
Avg Friend Score
Upgrade to see
Score Distribution
Jump to the score distribution portion of the page
Score
0/25
Timer
05:00
1
Play Today
Homeruns
Player
% Correct
762
Barry Bonds
98.6%
714
Babe Ruth
96.3%
755
Hank Aaron
95.1%
609
Sammy Sosa
83.3%
630
Ken Griffey Jr
82.9%
660
Willie Mays
82.3%
583
Mark McGwire
77.3%
536
Mickey Mantle
71.5%
521
Ted Williams
70.2%
521
Frank Thomas
60.9%
604...
Alex Rodriguez
59.3%
586
Frank Robinson
58%
548
Mike Schmidt
57.8%
Homeruns
Player
% Correct
563
Reggie Jackson
57%
573
Harmon Killebrew
55.4%
569
Rafael Palmeiro
51.4%
534
Jimmie Foxx
50.4%
584...
Jim Thome
49%
504
Eddie Murray
48.3%
511
Mel Ott
48.3%
521
Willie McCovey
46.9%
512
Ernie Banks
45.7%
509...
Gary Sheffield
43.7%
554...
Manny Ramirez
36.6%
512
Eddie Mathews
35.8%
Quiz Playlist
Details
Report
Send in Message
Add To Playlist
Classic:
Type in answers that appear in a list
Quiz Source
Last Updated: Feb 16, 2017
Quiz Scoreboard
CHALLENGE
Sign Up to Join the Scoreboard
Show All
Scores
Hide
Comments
May contain spoilers
Recently Published
Image Sorting: Flags VI
by Barbecue
Geography
2m
Find the 'City' Movie
by crazypaving
Movies
60s
Colored Red Africa Blitz
by spor1
Geography
45s
More to Explore
Quiz From the Vault
Featured Blog Post
14 Easter Pick-up Lines to Find Eggs With
hide this ad
You Might Also Like...
Tags
All Time
hit
Hitter
Homer
Home Runs
Player
Today's Top Quizzes in Sports
Browse Sports
hide this ad
Today's Top Quizzes in Hitter
Browse Hitter
Top Contributed Quizzes in Sports
1
Les meilleurs buteurs des matchs entre le PSG et l’OM
2
Les entraîneurs de l'OM et du PSG au 21e siècle
3
Les joueurs passés par le PSG et l'OM
4
2022 World Cup Stars
5
Players with Multiple 50 Home Run Seasons
6
Criteria MLB: Left Handed Sluggers
7
MLB Players with Two .350 Batting Average Seasons
8
Les joueurs passés par le LOSC et le RC Lens
9
NBA Logic Puzzle 2.0
10
Top 10 NHL Goal Scorers of All Time
Explore More
Trending Topics
Harry Potter
NBA
Disney
Anime
Marvel
Kpop
Crossword
WWE
NFL
Pokémon
Song
Country
Soccer
The Office
Puzzle
hide this ad
More By:
M_Frog
Quiz
Plays
Rating
Category
Featured
Created
All Time Homerun Leaders
1,084
3.50
Sports
Oct 3, 2009
Famous Dogs
811
3.63
Entertainment
Oct 3, 2009
1999-2009 Heisman Trophy Winners
276
3.50
Sports
Oct 4, 2009
Most Popular Sporcle Quizzes
46
3.00
Entertainment
Sep 18, 2010
Go to Creator's Profile
Score Distribution
Quiz Creator Spotlight
M_Frog
Follow
Send a Message
Quizzes Created
-
Created Quiz Play Count
-
More By This Creator
Popular Quizzes Today
1
Colored Red Africa Blitz
2
Find the US States - No Outlines Minefield
3
Find the 'City' Movie
4
5x2 Blitz: Bands
5
The Countries of the World
6
Find the US States
7
Find the Countries of Europe - No Outlines Minefield
8
US States
More Sports Quizzes
NFL Top 100 Players of 2013
Quiz Lab
Trending Quizzes
Colored Red Europe Blitz I
Colored Red Europe Blitz II
Colored Red Africa Blitz II
Colored Red Europe Blitz III
Colored Red Africa Blitz III
Recently Updated
How Do You Spell That?
pecheneg
Godzilla Movies
pecheneg
Grab Bag: 4-10 Letters
pecheneg
2024 March Madness Bracket
pecheneg
Famous TV Couples
Peacemaker
Champions League XIs: Real Madrid
pecheneg
Largest US Cities 1790-2010
pecheneg
Rides in Walt Disney World
pecheneg
Most Oscar Losses (Acting)
pecheneg
Beyoncé Albums
pecheneg
Trending Topics
Marvel
Crossword
Disney
NBA
Anime
Kpop
Harry Potter
Country
Song
NFL
Puzzle
WWE
Soccer
Pokémon
The Office
Your Account Isn't Verified!
In order to create a playlist on Sporcle, you need to verify the email address you used during registration. Go to your
Sporcle Settings
to finish the process.
Report this User
Report this user for behavior that violates our
Community Guidelines
.
Details:
Send Report
Go to the Sporcle.com Mobile Site →
Comments